• 首页
  • 本馆介绍
  • 公告通知
  • 最新文献
  • 馆藏检索
  • 电子资源
  • 读者导购
  • 参考咨询
  • 我的图书馆
  • 登录
  • 详细信息显示
  • 放入我的书架
  • 预约/预借图书
  • 作者相关作品
  • 分类相关作品
  • 丛书相关作品
  • 出版社相关作品

书目信息

  • 表格格式
  • 工作单格式
  • 卡片格式
题名:
柴科夫斯基论音乐创作
    
 
作者: 逸文 译
分册:  
出版信息: 北京   人民音乐出版社  1984.06
页数: 201页
开本: 32开
丛书名:
单 册:
中图分类: J61
科图分类:
主题词: 音乐--技术--理论 , 音乐--技术--方法
电子资源:
ISBN: 7-103-01726-3
000 00580nam0 2200205 45
001 0210290889
005 20031219104059.4
010    @a7-103-01726-3@dCNY8.20
100    @a20021029d1984 km y0chiy0120 ea
101 0  @achi
105    @a z 000yy
200 1  @a柴科夫斯基论音乐创作@AChai Ke Fu Si Ji Lun Yin Yue Chuang Zuo@f逸文译@FYi Wen Yi
210    @a北京@c人民音乐出版社@d1984.06
215    @a201页@d32开
606 0  @a音乐@x技术@x理论
606 0  @a音乐@x技术@x方法
690    @aJ61@v4
701    @a逸文@4译
801    @aCN@bTSTC@c20021029
905    @b316250-256@dJ61@e230@f7
    
    柴科夫斯基论音乐创作/逸文译.-北京:人民音乐出版社,1984.06
    201页;32开
    
    
    ISBN 7-103-01726-3:CNY8.20
    
●
相关链接 在E读中查询图书 在五车中查询图书 在当当中查询图书 在豆瓣中查询图书


正题名:柴科夫斯基论音乐创作     索取号:J61/230         预约/预借

序号 登录号 条形码 馆藏地/架位号 状态 备注
1 0316250   203162503   第一借阅区/ [索取号:J61/230] 在馆    
2 0316251   203162512   第一借阅区/ [索取号:J61/230] 在馆    
3 0316252   203162521   第一借阅区/ [索取号:J61/230] 在馆    
4 0316253   203162530   第一借阅区/ [索取号:J61/230] 在馆    
5 0316254   203162549   第一借阅区/ [索取号:J61/230] 在馆    
6 0316255   203162558   第一借阅区/ [索取号:J61/230] 在馆    
7 0316256   203162567   第一样本阅览室/ [索取号:J61/230] 在馆    
唐山师范学院图书馆 欢迎您!
大连网信软件有限公司© 版权所有